[Event "TCh-TUR 2nd League 2011"]
[Site "Konya TUR"]
[Date "2011.07.10"]
[Round "9"]
[White "Boztuna, Mehmet"]
[Black "Ikis, Melih Firat"]
[Result "1/2-1/2"]
[WhiteElo "1833"]
[BlackElo "1866"]
[WhiteTeam "Taskinkoy KKTC"]
[BlackTeam "Azdur Ordu"]
[WhiteFideId "6325645"]
[BlackFideId "6327680"]
[EventDate "2011.07.04"]

1. e4 c5 2. Nc3 Nc6 3. Bc4 g6 4. f4 Bg7 5. Nf3 e6 6. O-O Nge7 7. d3 O-O 8. Ne2
d5 9. exd5 exd5 10. Bb3 Na5 11. c3 Nxb3 12. axb3 b6 13. d4 Qc7 14. Be3 Bb7 15.
Ng3 Rfe8 16. Qd2 c4 17. f5 cxb3 18. Nh4 f6 19. fxg6 hxg6 20. Ra3 Qd7 21. Rxb3
Ba6 22. Rf2 Qg4 23. Ra3 Bb5 24. Nf3 Qe6 25. Ra1 Nc8 26. Re1 Nd6 27. Bf4 Qd7 28.
Qc2 Rxe1+ 29. Nxe1 Re8 30. Nd3 Ne4 31. Re2 f5 32. Re1 Bxd3 33. Qxd3 Re6 34. Nxe4
fxe4 35. Qh3 Qf7 36. Rf1 Rf6 37. g3 Rf5 38. Bd6 a6 39. Rxf5 gxf5 40. Qh4 Bf6 41.
Qf4 Qe6 42. Ba3 b5 43. Kf1 Bg7 44. Ke2 Bh6 45. Qh4 Kg7 46. h3 Kg6 47. Be7 Qf7
48. b3 f4 49. Qg4+ Kh7 50. Bg5 fxg3 51. Bxh6 Qf2+ 52. Kd1 Kxh6 53. Qh4+ Kg6 54.
Qg4+ Kf6 55. Qh4+ Ke6 56. Qg4+ Kf7 57. Qd7+ Kf8 58. Qd8+ Kg7 59. Qg5+ Kh7 60.
Qh5+ Kg8 61. Qxd5+ Kg7 62. Qg5+ Kf7 63. Qd5+ Kf6 64. Qe5+ Kf7 65. Qd5+ Kf6 66.
Qe5+ Kf7 1/2-1/2

[Event "TCh-TUR 2nd League 2011"]
[Site "Konya TUR"]
[Date "2011.07.10"]
[Round "9"]
[White "Gundogan, Cem"]
[Black "Eden, Yagiz"]
[Result "1-0"]
[WhiteElo "1823"]
[BlackElo "1756"]
[WhiteTeam "Azdur Ordu"]
[BlackTeam "Taskinkoy KKTC"]
[WhiteFideId "6311032"]
[BlackFideId "6325459"]
[EventDate "2011.07.04"]

1. e4 e5 2. Nf3 Nf6 3. Nxe5 d6 4. Nf3 Nxe4 5. Nc3 Nxc3 6. dxc3 Be7 7. Be3 Nc6 8.
Be2 Be6 9. Nd4 Nxd4 10. Qxd4 Bf6 11. Qd3 Qd7 12. O-O-O a6 13. Bd4 Qa4 14. Bxf6
Qf4+ 15. Kb1 Qxf6 16. Bf3 O-O 17. Bxb7 Rab8 18. Qf3 Qg5 19. Bd5 Bf5 20. Rd4 Rb5
21. Re1 Qg6 22. Rd2 Qg5 23. Rd4 Qg6 24. Qe2 h6 25. g4 Bd7 26. Be4 Qf6 27. Qf3
Re8 28. Qxf6 gxf6 29. Red1 Rbe5 30. Bf3 Kg7 31. Kc1 Bb5 32. c4 Bd7 33. Rd5 Kg6
34. c5 Rxd5 35. Rxd5 Bc6 36. Rd3 Bxf3 37. Rxf3 dxc5 38. Kd2 Re5 39. Ra3 Re6 40.
Ra5 Rc6 41. h4 f5 42. f3 fxg4 43. fxg4 f5 44. Ra4 fxg4 45. Rxg4+ Kh5 46. Re4 Rb6
47. Kc3 Rb4 48. Re5+ Kxh4 49. Rxc5 Rb7 50. Rc6 Rb6 51. Rxc7 h5 52. Rg7 Kh3 53.
a4 h4 54. b4 Rf6 55. Rg5 Rf4 56. Ra5 Kg3 57. Rxa6 h3 58. Rg6+ Rg4 59. Rd6 h2 60.
Rd1 Rf4 61. Rh1 Kg2 62. Rxh2+ Kxh2 63. a5 Rf3+ 64. Kc4 Kg3 65. a6 Ra3 66. Kb5
Kf4 67. Kb6 Ke4 68. b5 Kd4 69. Ka7 Kc5 70. b6 Kb5 71. c4+ Kxc4 72. b7 Rb3 73.
b8=Q Kd4 1-0

[Event "TCh-TUR 2nd League 2011"]
[Site "Konya TUR"]
[Date "2011.07.10"]
[Round "9"]
[White "Ozcay, Irem Naziyet"]
[Black "Kahya, Gizem"]
[Result "1-0"]
[WhiteElo "1594"]
[BlackElo "1662"]
[WhiteTeam "Taskinkoy KKTC"]
[BlackTeam "Azdur Ordu"]
[WhiteFideId "6338887"]
[BlackFideId "6336124"]
[EventDate "2011.07.04"]

1. e4 e5 2. Nf3 Nc6 3. Bc4 Be7 4. d4 d6 5. O-O Nf6 6. Nc3 O-O 7. h3 h6 8. Be3
Re8 9. Re1 Nh7 10. Ne2 Ng5 11. Ng3 Rf8 12. c3 Bf6 13. Nxg5 Bxg5 14. Qd2 Bxe3 15.
Rxe3 Qg5 16. Rd1 Na5 17. Bd3 Nc6 18. Bc2 Ne7 19. Qe2 Ng6 20. Qh5 Qxh5 21. Nxh5
f5 22. Rg3 Kh7 23. exf5 Bxf5 24. Bb3 Rae8 25. Re3 exd4 26. cxd4 Bd7 27. Rde1 c6
28. Bc2 Rxe3 29. fxe3 d5 30. Rf1 Rxf1+ 31. Kxf1 Be8 32. Nf4 Bf7 33. g4 a5 34. h4
Kg8 35. Bxg6 Bxg6 36. Nxg6 Kf7 37. Nf4 g6 38. Ke2 Kf6 39. Nd3 b6 40. a4 g5 41.
h5 Ke6 42. Kd2 Ke7 43. Ne5 c5 44. dxc5 bxc5 45. Nc6+ Kd7 46. Nxa5 Kc7 47. Nb3
Kb6 48. Kc3 Kc6 49. Nxc5 Kxc5 50. b4+ Kc6 51. Kd4 Kd6 52. b5 Ke6 53. a5 Kd6 54.
a6 Kc7 55. a7 Kb7 56. b6 Ka8 57. Kxd5 Kb7 58. e4 Ka8 59. e5 1-0